| 000 | 00508nam a22001817a 4500 | ||
|---|---|---|---|
| 005 | 20240522111946.0 | ||
| 010 | _aENG-140456 | ||
| 020 |
_a9788787800071 _c201.00 |
||
| 035 | _aEN-123988 | ||
| 037 | _bDBAD | ||
| 082 | _a881 | ||
| 100 |
_aPathak, Dayananda _966719 |
||
| 245 |
_aThe Pedestrian Looks Back/ _cBy Dayananda Pathak |
||
| 260 |
_bManikut Prakash _c2022 _aGuwahati |
||
| 270 | _aDeka & Deka Printing Press Rajgarh | ||
| 300 |
_a48p. _c22cm(hb) |
||
| 942 |
_2ddc _cEN _h881 _mPAT |
||
| 999 |
_c203146 _d203146 |
||